000 00678nam a2200289Ia 4500
005 20260324151022.0
008 008 260324s9999 xx 000 0 eng d
020 _a9781351117388
037 _aEBOOK
040 _aCRL
040 _beng
040 _cCRL
041 _2eng
041 _aeng
084 _qCRL
100 _aWilliam Kennedy
_91228441
245 0 _aEnglish Taxation, 1640-1799
245 3 _bAn Essay on Policy and Opinion
260 _bTaylor and Francis
260 _c1913
365 _a
365 _b180
856 _uhttp://www.taylorfrancis.com/books/9781351117388
942 _cEBOOK
999 _c1838858
_d1838858